Hồ Chí Minh qua ký ức các nhân chứng lịch sử
Sách là những câu chuyện thật cảm động về Hồ Chí Minh qua lời kể của các nhân chứng
Gardado en:
| Autor Principal: | |
|---|---|
| Formato: | Libro |
| Idioma: | Undetermined |
| Publicado: |
Đà Nẵng
Nhà xuất bản Đà Nẵng
2005
|
| Những chủ đề: | |
| Các nhãn: |
Engadir etiqueta
Sen Etiquetas, Sexa o primeiro en etiquetar este rexistro!
|
| Thư viện lưu trữ: | Trung tâm Học liệu Trường Đại học Cần Thơ |
|---|
| LEADER | 00800nam a2200229Ia 4500 | ||
|---|---|---|---|
| 001 | CTU_125920 | ||
| 008 | 210402s9999 xx 000 0 und d | ||
| 020 | |c 46500 | ||
| 082 | |a 959.704092 | ||
| 082 | |b Đ312 | ||
| 100 | |a Đình Chương | ||
| 245 | 0 | |a Hồ Chí Minh qua ký ức các nhân chứng lịch sử | |
| 245 | 0 | |c Đình Chương | |
| 260 | |a Đà Nẵng | ||
| 260 | |b Nhà xuất bản Đà Nẵng | ||
| 260 | |c 2005 | ||
| 520 | |a Sách là những câu chuyện thật cảm động về Hồ Chí Minh qua lời kể của các nhân chứng | ||
| 650 | |a Ho Chi Minh,Vietnam | ||
| 650 | |x Communists,History,Biography | ||
| 650 | |z Vietnam | ||
| 904 | |i Hiếu | ||
| 980 | |a Trung tâm Học liệu Trường Đại học Cần Thơ | ||